Statistics for U.S. State Capitals in the Answer

Click here to take the quiz!

General Stats

  • This quiz has been taken 8,442 times
    (8,402 since last reset)
  • The average score is 14 of 20

Answer Stats

HintAnswer% Correct
"Party" that took place in 1773{Boston} Tea Party
98%
Witch trial city{Salem}
87%
International Man of Mystery{Austin} Powers
86%
Joaquin's brotherRiver {Phoenix}
85%
English town famous for white cliffs{Dover}
84%
Famous auto race held since 1911{Indianapolis} 500
83%
"Rocky Mountain High" singerJohn {Denver}
81%
Homer and Bart's hometown{Springfield}
80%
Drip painter who died in a
car crash at age 44
{Jackson} Pollock
74%
Frequent Johnny Depp co-star{Helena} Bonham
Carter
70%
Once the tallest building
in London
{Saint} {Paul}'s
Cathedral
69%
"Father of the Constitution"James {Madison}
67%
Ivy League university in NYC{Columbia} University
60%
Biggest city in South Carolina{Charleston}
57%
Former Prime Minister of Canada{Pierre} Trudeau
56%
Where the Masters take place{Augusta} National
56%
Explorer who tried to find El DoradoWalter {Raleigh}
45%
Bodybuilding contest that Arnold
has won 7 times
Mr. {Olympia}
41%
Luxury vehicle division of Ford{Lincoln}
40%
British commander of D-Day
ground forces
Bernard
{Montgomery}
39%

Score Distribution

Percentile by Number Answered

Percent of People with Each Score

Your Score History

You have not taken this quiz since the last reset